000 00714nam a2200301Ia 4500
005 20260401122422.0
008 008 250103s9999 xx 000 0 eng d
020 _a9781439082416
037 _aTB
040 _aEDL
040 _beng
040 _cEDL
041 _2eng
041 _aeng
084 _a425 FRO
084 _qEDL
100 _aFromkin, Victoria | Rodman, Robert | Hyams, Nina
_91233556
245 0 _aIntroduction to Language
245 0 _cFromkin, Victoria | Rodman, Robert | Hyams, Nina
260 _aCanada
260 _bCengage Learning
260 _c2011
300 _a619p
942 _cTB
942 _h425 FRO
999 _c1847153
_d1847153